[Event "CZE-chT2J 0203"]
[Site "Czech Republic"]
[Date "2003.??.??"]
[Round "6"]
[White "Blecha, Milan"]
[Black "Matyska, Jiri"]
[Result "1/2-1/2"]
[WhiteElo "2183"]
[BlackElo "2042"]
[PlyCount "52"]
[EventDate "2002.10.??"]
[EventType "team"]
[EventRounds "11"]
[EventCountry "CZE"]
[SourceTitle "EXT 2007"]
[Source "ChessBase"]
[SourceDate "2006.11.23"]
[SourceVersion "1"]
[SourceVersionDate "2006.11.23"]
[SourceQuality "1"]

1. e4 b6 2. d4 Bb7 3. Bd3 f5 4. exf5 Bxg2 5. Qh5+ g6 6. fxg6 Bg7 7. gxh7+ Kf8 8. hxg8Q+ Kxg8 9. Qg4 Bxh1 10. h4 e6 11. Bg5 Qf8 12. h5 Nc6 13. h6 Nxd4 14. hxg7 Qxg7 15. Nd2 Rf8 16. 0-0-0 Rxf2 17. Ne4 Bxe4 18. Bxe4 Nxc2 19. Rxd7 Rf1+ 20. Kxc2 Rh2+ 21. Ne2 Qxd7 22. Bf4+ Kf8 23. Bxh2 Qa4+ 24. Kd2 Qb4+ 25. Kd3 Qb5+ 26. Kd2 Qb4+ 1/2-1/2

[Event "CZE-chT2J 0203"]
[Site "Czech Republic"]
[Date "2003.??.??"]
[Round "6"]
[White "Matyska, Jiri"]
[Black "Vokoun, Jan"]
[Result "0-1"]
[WhiteElo "2042"]
[BlackElo "2260"]
[PlyCount "78"]
[EventDate "2002.10.??"]
[EventType "team"]
[EventRounds "11"]
[EventCountry "CZE"]
[SourceTitle "EXT 2007"]
[Source "ChessBase"]
[SourceDate "2006.11.23"]
[SourceVersion "1"]
[SourceVersionDate "2006.11.23"]
[SourceQuality "1"]

1. d4 Nf6 2. Nf3 b5 3. Bg5 Ne4 4. Bh4 Bb7 5. e3 a6 6. Nbd2 Nf6 7. c4 c6 8. Bd3 d6 9. 0-0 e6 10. Rc1 Be7 11. Qc2 Nbd7 12. Ne4 bxc4 13. Bxf6 gxf6 14. Be2 f5 15. Ng3 d5 16. Ne5 Nxe5 17. dxe5 Qb8 18. Qc3 Rg8 19. Bh5 a5 20. Nxf5 exf5 21. e6 Kf8 22. exf7 Rg7 23. f4 Qd6 24. Rf3 Bf6 25. Qc2 Bc8 26. Rg3 Rxg3 27. hxg3 Be6 28. g4 Qd7 29. g5 Bg7 30. g4 d4 31. gxf5 Bxf5 32. e4 d3 33. Qg2 Qd4+ 34. Kf1 Bxe4 35. Qg4 d2 36. Rd1 Qe3 37. Qd7 Qd3+ 38. Qxd3 Bxd3+ 39. Kf2 c3 0-1

[Event "CZE-chT2J 0203"]
[Site "Czech Republic"]
[Date "2002.??.??"]
[Round "5"]
[White "Vaindl, Jaroslav"]
[Black "Matyska, Jiri"]
[Result "0-1"]
[WhiteElo "2124"]
[BlackElo "2042"]
[PlyCount "72"]
[EventDate "2002.10.??"]
[EventType "team"]
[EventRounds "11"]
[EventCountry "CZE"]
[SourceTitle "EXT 2007"]
[Source "ChessBase"]
[SourceDate "2006.11.23"]
[SourceVersion "1"]
[SourceVersionDate "2006.11.23"]
[SourceQuality "1"]

1. e4 e6 2. d4 b6 3. Nf3 Bb7 4. Bd3 c5 5. 0-0 Nf6 6. Nc3 c4 7. Bxc4 Nxe4 8. Nxe4 Bxe4 9. d5 Qc7 10. Bb3 Be7 11. Re1 Bg6 12. dxe6 dxe6 13. Ba4+ Kf8 14. Ne5 Na6 15. Bf4 Qd8 16. Qe2 Qd4 17. Qxa6 Qxf4 18. Qb7 Rd8 19. Bd7 Bc5 20. Qc7 Bxf2+ 21. Kh1 Qh4 22. Qd6+ Qe7 23. Red1 Be4 24. Qd2 Bc5 25. Qf4 f5 26. Bc6 g5 27. Nd7+ Rxd7 28. Qb8+ Kg7 29. Qe5+ Qf6 30. Rxd7+ Kg6 31. Qxf6+ Kxf6 32. Bxe4 fxe4 33. Rf1+ Ke5 34. c3 e3 35. b4 Rf8 36. Rxf8 e2 0-1

[Event "CZE-chTV 0001"]
[Site "Czech Republic"]
[Date "2001.??.??"]
[Round "4"]
[White "Bujnoch, Radek"]
[Black "Matyska, Jiri"]
[Result "1-0"]
[WhiteElo "2100"]
[BlackElo "2095"]
[PlyCount "51"]
[EventDate "2000.??.??"]
[EventType "team"]
[EventRounds "11"]
[EventCountry "CZE"]
[SourceTitle "EXT 2003"]
[Source "ChessBase"]
[SourceDate "2002.11.25"]
[SourceVersion "1"]
[SourceVersionDate "2002.11.25"]
[SourceQuality "1"]

1. e4 Nf6 2. e5 Nd5 3. d4 d6 4. c4 Nb6 5. Nf3 g6 6. Bf4 Bg7 7. Be2 0-0 8. 0-0 Nc6 9. exd6 cxd6 10. Nc3 Bf5 11. Qd2 e5 12. Be3 Bg4 13. d5 Bxf3 14. Bxf3 Nd4 15. Be2 Rc8 16. b3 Nxe2+ 17. Qxe2 e4 18. Nxe4 Bxa1 19. Rxa1 f5 20. Bg5 Qc7 21. Nf6+ Kg7 22. Qb2 Rxf6 23. Qxf6+ Kg8 24. Re1 Rf8 25. Qe6+ Rf7 26. Bh6 1-0